| Tag |
First Indicator |
Second Indicator |
Subfields |
| LEADER |
00000cam a2200000 a 4500 |
| 001 |
in00003853621 |
| 005 |
20190415181825.0 |
| 006 |
m o d |
| 007 |
cr |n||||||||n |
| 008 |
790618s1860 dcu o 000 s eng d |
| 035 |
|
|
|a (MiFhGG)MOMW201006
|
| 035 |
|
|
|a (OCoLC)85798693
|
| 040 |
|
|
|a TGPSM
|c UtOrBLW
|d UtOrBLW
|
| 050 |
|
4 |
|a HF1754
|b .C367 1860
|
| 100 |
1 |
|
|a Campbell, James Hepburn,
|d 1820-1895.
|0 http://id.loc.gov/authorities/names/nr92012735
|
| 245 |
1 |
2 |
|a A protective tariff necessary-- rights of labor /
|c speech of Hon[orable] James H. Campbell, of Penn., delivered in the House of Representatives, April 24, 1860.
|
| 264 |
|
1 |
|a [Washington, D.C.] :
|b Republican Congressional Committee,
|c [1860]
|
| 300 |
|
|
|a 1 online resource (8 unnumbered pages).
|
| 336 |
|
|
|a text
|b txt
|2 rdacontent
|
| 337 |
|
|
|a computer
|b c
|2 rdamedia
|
| 338 |
|
|
|a online resource
|b cr
|2 rdacarrier
|
| 490 |
1 |
|
|a The making of the modern world. Part 2 (1851-1914)
|
| 500 |
|
|
|a Title from caption.
|
| 500 |
|
|
|a Two columns to the page.
|
| 500 |
|
|
|a Reproduction of the original from the Rare Book and Manuscript Library of Columbia University.
|
| 500 |
|
|
|a Electronic resource.
|
| 650 |
|
0 |
|a Protectionism
|v Speeches in Congress.
|
| 650 |
|
0 |
|a Free trade
|v Speeches in Congress.
|
| 655 |
|
7 |
|a Electronic books.
|2 local
|
| 710 |
2 |
|
|a Gale (Firm)
|0 http://id.loc.gov/authorities/names/no2008071348
|
| 710 |
1 |
|
|a United States.
|b Congress.
|b House.
|0 http://id.loc.gov/authorities/names/n79107874
|
| 830 |
|
0 |
|a Making of the modern world. Part 2 (1851-1914)
|
| 856 |
4 |
0 |
|u http://proxy.library.tamu.edu/login?url=http://find.galegroup.com/openurl/openurl?url_ver=Z39.88-2004&url_ctx_fmt=info:ofi/fmt:kev:mtx:ctx&res_id=info:sid/gale:MOME&ctx_enc=info:ofi:enc:UTF-8&rft_val_fmt=info:ofi/fmt:kev:mtx:unknown&rft.artnum=U112504216&req_dat=info:sid/gale:ugnid:txshracd2898
|z Connect to the full text of this electronic book
|t 0
|
| 999 |
f |
f |
|s b67f11ff-2d8b-3425-bc50-fef9db1b6f34
|i 33cf5e9d-be9c-3274-ab59-dae79befba3f
|t 0
|
| 952 |
f |
f |
|a Texas A&M University
|b College Station
|c Electronic Resources
|d Available Online
|t 0
|e HF1754 .C367 1860
|h Library of Congress classification
|
| 998 |
f |
f |
|a HF1754 .C367 1860
|t 0
|l Available Online
|